[Event "HEM 2013 B Turnier"]
[Site "Korbach"]
[Date "2013.03.27"]
[Round "1.1"]
[White "Lages, Karl Heinz"]
[Black "Martens, Nick"]
[Result "1-0"]
[WhiteElo "1917"]
[BlackElo "1747"]
[PlyCount "135"]
[EventDate "2013.??.??"]
[WhiteTeam "Sfr. Korbach"]
[BlackTeam "SF Battenberg"]

1. e4 e6 2. d4 d5 3. Nd2 dxe4 4. Nxe4 Nc6 5. Nf3 Nf6 6. Nxf6+ Qxf6 7. Bd3 h6 8.
c3 Bd6 9. Be3 Bd7 10. Nd2 Qd8 11. Qg4 g5 12. Ne4 Be7 13. Qh5 Bf6 14. f4 Qe7 15.
O-O g4 16. Nxf6+ Qxf6 17. Qxg4 O-O-O 18. Qf3 Rdg8 19. Be4 Rg7 20. b4 Rhg8 21.
Rf2 Rg4 22. g3 h5 23. Kh1 h4 24. Rg1 Qh8 25. Rfg2 f5 26. Bd3 h3 27. Rd2 Ne7 28.
b5 Nd5 29. c4 Nf6 30. Re1 c6 31. a4 Qg7 32. Bf2 Nh5 33. Rdd1 Qf7 34. Bf1 Nf6
35. Bxh3 R4g6 36. Bg1 Rh6 37. Bf1 Ne4 38. Kg2 Qh7 39. Bd3 Nf6 40. Kf1 Rh3 41.
Rd2 Ng4 42. Ree2 Rh8 43. Qxg4 fxg4 44. Bxh7 R8xh7 45. Re5 R3h5 46. Rde2 Kc7 47.
Ke1 Rf5 48. Kd2 cxb5 49. Rxf5 exf5 50. axb5 a6 51. bxa6 bxa6 52. Kc3 a5 53. d5
Rh6 54. Kd4 Rb6 55. Ke5 Rb1 56. Bd4 a4 57. c5 Bb5 58. Rb2 Bd3 59. Rxb1 Bxb1 60.
Bb2 Be4 61. Ba3 Kd7 62. c6+ Kc7 63. Ke6 Kc8 64. Kd6 Bd3 65. Kc5 Be4 66. d6 Bf3
67. Bb4 Be2 68. d7+ 1-0

[Event "HEM 2013 B Turnier"]
[Site "Korbach"]
[Date "2013.03.27"]
[Round "1.2"]
[White "Kies, Wolfgang"]
[Black "Kienel, Michael"]
[Result "1/2-1/2"]
[WhiteElo "1894"]
[BlackElo "1497"]
[PlyCount "82"]
[EventDate "2013.??.??"]
[WhiteTeam "SC Marsberg e.V."]
[BlackTeam "Peiner SV"]

1. d4 d5 2. c4 dxc4 3. Nf3 a6 4. a4 Nf6 5. Nc3 e6 6. e4 Bb4 7. Bg5 h6 8. Bxf6
Qxf6 9. Bxc4 Qg6 10. Qe2 O-O 11. O-O Nd7 12. Bd3 e5 13. Nxe5 Nxe5 14. dxe5 Bc5
15. Kh1 c6 16. a5 Re8 17. f4 Bg4 18. Qc2 Rad8 19. Bc4 Rd4 20. Ne2 Bxe2 21. Qxe2
Qxe4 22. Qxe4 Rxe4 23. b3 Rd8 24. e6 fxe6 25. f5 Rd2 26. fxe6 Kh7 27. Rad1 Red4
28. Rxd2 Rxd2 29. g3 Kg6 30. Rf7 Rd1+ 31. Kg2 Rd2+ 32. Kf3 Rf2+ 33. Ke4 Rxf7
34. exf7 Kf6 35. g4 Ke7 36. Kf5 Bb4 37. Kg6 Kf8 38. Be6 Bxa5 39. Bc8 Bc7 40.
Bxb7 Bxh2 41. Bxc6 a5 1/2-1/2

[Event "HEM 2013 B Turnier"]
[Site "Korbach"]
[Date "2013.03.27"]
[Round "1.3"]
[White "Bekkink, Joey"]
[Black "Wagner, Thomas"]
[Result "0-1"]
[WhiteElo "1496"]
[BlackElo "1941"]
[PlyCount "72"]
[EventDate "2013.??.??"]
[WhiteTeam "Caissa Eenhoorn"]
[BlackTeam "SC Langenbieber"]

1. e4 c5 2. Nc3 Nc6 3. f4 g6 4. Nf3 Bg7 5. Bb5 e6 6. Bxc6 bxc6 7. d3 d5 8. e5
Ne7 9. Nh4 Qb6 10. Rb1 Ba6 11. O-O O-O 12. Kh1 f5 13. Nf3 d4 14. Ne2 Nd5 15. a3
Rad8 16. Qe1 Nc7 17. Qh4 c4 18. dxc4 Bxc4 19. Re1 d3 20. cxd3 Bxd3 21. Ra1 Bxe2
22. Rxe2 Rd1+ 23. Re1 Rfd8 24. Be3 Qb3 25. Nd4 R1xd4 26. Bxd4 Rxd4 27. Qf2 Qd3
28. h3 Nd5 29. g3 Bf8 30. Rad1 Qxd1 31. Rxd1 Rxd1+ 32. Kg2 c5 33. Qe2 c4 34.
Kh2 Rd3 35. Qf2 Ne3 36. Qe2 Rd2 0-1

[Event "HEM 2013 B Turnier"]
[Site "Korbach"]
[Date "2013.03.27"]
[Round "1.4"]
[White "Rubruck, Eberhard"]
[Black "Johnen, Franz"]
[Result "1-0"]
[WhiteElo "1835"]
[BlackElo "1764"]
[PlyCount "93"]
[EventDate "2013.??.??"]
[WhiteTeam "SK Bad Sooden-Allendorf"]
[BlackTeam "SVigung 1928 Alsdorf e"]

1. Nf3 c5 2. c4 Nc6 3. Nc3 Nf6 4. e4 e5 5. Bd3 Be7 6. O-O d6 7. h3 O-O 8. a3
Be6 9. Re1 Qc8 10. Bf1 h6 11. d3 Nh7 12. g4 Nd4 13. Nd5 Bd8 14. Nxd4 cxd4 15.
f4 f6 16. Bd2 b6 17. b4 g5 18. f5 Bd7 19. Qb3 Kg7 20. Rec1 Be8 21. Qd1 Qd7 22.
b5 a5 23. Rc2 Rc8 24. Bc1 Bf7 25. a4 Bxd5 26. cxd5 Rc5 27. Ba3 Rxc2 28. Qxc2
Be7 29. Rc1 Rb8 30. Qc7 Qd8 31. Rc6 Kg8 32. Qxd8+ Bxd8 33. Bxd6 Rb7 34. Be2 Kf7
35. Ba3 Nf8 36. Bd1 Nd7 37. Bb3 Nb8 38. Rc8 Ke8 39. d6 Nd7 40. Bd5 Rb8 41. Rc2
Nf8 42. Kf2 Nd7 43. Bc6 Rc8 44. Rc1 Rb8 45. Kg3 Rc8 46. h4 Kf8 47. Bxd7 1-0

[Event "HEM 2013 B Turnier"]
[Site "Korbach"]
[Date "2013.03.27"]
[Round "1.5"]
[White "Pleyer, Christian"]
[Black "Wuestehube, Harry"]
[Result "0-1"]
[WhiteElo "1486"]
[BlackElo "1912"]
[PlyCount "64"]
[EventDate "2013.??.??"]
[WhiteTeam "SC Langenbieber"]
[BlackTeam "Kasseler SK 1876"]

1. d4 Nf6 2. Nf3 g6 3. c4 Bg7 4. Nc3 O-O 5. e4 d6 6. Be3 Ng4 7. Bd2 e5 8. d5 f5
9. h3 Nf6 10. Bd3 Na6 11. Qe2 Nc5 12. Bc2 fxe4 13. Nxe4 Ncxe4 14. Bxe4 Nxe4 15.
Qxe4 Bf5 16. Qh4 Qxh4 17. Nxh4 Bd3 18. Be3 e4 19. O-O-O Bxc4 20. b3 Bd3 21. g4
c6 22. dxc6 Rac8 23. Kd2 Rxc6 24. Rc1 Ra6 25. a4 b5 26. axb5 Ra2+ 27. Ke1 Bxb5
28. Ng2 Bb2 29. Rd1 Bc3+ 30. Bd2 Rxd2 31. Rxd2 Bxd2+ 32. Kxd2 Rxf2+ 0-1

[Event "HEM 2013 B Turnier"]
[Site "Korbach"]
[Date "2013.03.27"]
[Round "1.6"]
[White "Henkel, Volker"]
[Black "Benedikt, Alexander"]
[Result "1-0"]
[WhiteElo "1950"]
[BlackElo "1775"]
[PlyCount "117"]
[EventDate "2013.??.??"]
[WhiteTeam "SC Rochade 1963 Beckum"]
[BlackTeam "Sfr. Bad Emstal 1993"]

1. d4 d5 2. c4 e6 3. Nc3 Nf6 4. cxd5 exd5 5. Bg5 Be7 6. Qc2 Nc6 7. e3 a6 8. a3
h6 9. Bxf6 Bxf6 10. Bd3 Be6 11. Nge2 Qd7 12. Rc1 Ne7 13. Ng3 Qd6 14. Na4 b5 15.
Nc5 c6 16. b4 O-O 17. O-O Ra7 18. Nb3 Rc8 19. Qe2 Rcc7 20. Rfd1 Nc8 21. e4 dxe4
22. Nxe4 Qe7 23. Nxf6+ Qxf6 24. Nc5 Re7 25. Qe4 g6 26. Qxc6 Rec7 27. Qe8+ Kg7
28. Nxe6+ Qxe6 29. Qxe6 fxe6 30. Rc5 Nd6 31. Rdc1 Rd7 32. d5 exd5 33. Rxd5 Nf7
34. Be4 Rxd5 35. Bxd5 Ne5 36. Rd1 Rd7 37. Bb3 Rc7 38. f4 Ng4 39. Be6 Nf6 40.
Rd3 Rc6 41. f5 Kf8 42. Rd8+ Ke7 43. Rc8 Rd6 44. Rc7+ Kd8 45. Ra7 gxf5 46. Bxf5
Nd5 47. Be4 Nc7 48. Rb7 Kc8 49. Kf2 Rd4 50. Kf3 Rc4 51. Rb6 Rc3+ 52. Kf4 Rxa3
53. Rxh6 Rb3 54. g4 Rxb4 55. g5 Nd5+ 56. Ke5 Ne7 57. Rxa6 Kd8 58. g6 Ke8 59.
Ra8+ 1-0

[Event "HEM 2013 B Turnier"]
[Site "Korbach"]
[Date "2013.03.27"]
[Round "1.7"]
[White "Naujocks, Christian"]
[Black "Braeutigam, Walter"]
[Result "0-1"]
[WhiteElo "1639"]
[BlackElo "1770"]
[PlyCount "84"]
[EventDate "2013.??.??"]
[WhiteTeam "Sfr. Korbach"]
[BlackTeam "SpVg. Möhnesee von 1921 e.V."]

1. e4 c5 2. Nf3 Nc6 3. d3 g6 4. g3 Bg7 5. Bg2 d6 6. O-O Bd7 7. Re1 Qc8 8. Nbd2
Bh3 9. Bxh3 Qxh3 10. Ng5 Qd7 11. Nf1 Nf6 12. Ne3 h6 13. Nf3 O-O 14. c3 Rad8 15.
Nd5 Kh7 16. Kg2 e6 17. Nxf6+ Bxf6 18. d4 cxd4 19. cxd4 Bg7 20. Be3 d5 21. e5 f6
22. exf6 Rxf6 23. Ne5 Nxe5 24. dxe5 Rf5 25. Bd4 b6 26. Qd2 Rc8 27. h4 Bf8 28.
g4 Rf7 29. f4 Qa4 30. Kg3 Rc4 31. Be3 Bb4 32. Qd3 Bxe1+ 33. Rxe1 Qc2 34. Qf1 g5
35. hxg5 hxg5 36. Qh3+ Kg7 37. fxg5 Qh7 38. Qg2 Rc2 39. Qg1 Qe4 40. Qh1 Qxe5+
41. Kh3 Kg6 42. Bd2 Rh7+ 0-1

[Event "HEM 2013 B Turnier"]
[Site "Korbach"]
[Date "2013.03.27"]
[Round "1.8"]
[White "Foerster, Rudi"]
[Black "Buettner, Rudi"]
[Result "1-0"]
[WhiteElo "1882"]
[BlackElo "1462"]
[PlyCount "75"]
[EventDate "2013.??.??"]
[WhiteTeam "Sfr. Braunfels e. V."]
[BlackTeam "SK Bad Sooden-Allendorf"]

1. e4 e5 2. Nf3 Nc6 3. Bb5 a6 4. Bxc6 dxc6 5. O-O Bd6 6. d4 Bg4 7. dxe5 Bxf3 8.
Qxf3 Bxe5 9. Rd1 Qe7 10. Nc3 Nf6 11. Bf4 O-O 12. Bg5 h6 13. Bh4 Qe6 14. Bg3
Bxg3 15. Qxg3 Qe7 16. Rd3 Rad8 17. Rad1 Rxd3 18. Qxd3 Re8 19. f3 Qe5 20. Qe3 b6
21. Qd2 a5 22. Kh1 Qc5 23. Qf4 Qe7 24. g4 Rd8 25. Rg1 g5 26. Qc1 Qd6 27. Rd1
Qe7 28. h4 Rxd1+ 29. Nxd1 Nh7 30. h5 Nf6 31. Ne3 Nd7 32. Qd2 Ne5 33. Nf5 Qe6
34. Qd8+ Kh7 35. Kg2 Nxg4 36. Qf8 Qf6 37. fxg4 Qe5 38. Qxh6+ 1-0

[Event "HEM 2013 B Turnier"]
[Site "Korbach"]
[Date "2013.03.27"]
[Round "1.9"]
[White "Dresen, Dietmar"]
[Black "Shkolnyk, Boris"]
[Result "1/2-1/2"]
[WhiteElo "1660"]
[BlackElo "1892"]
[PlyCount "103"]
[EventDate "2013.??.??"]
[WhiteTeam "Bedburger SV 1947 e.V."]
[BlackTeam "Sfr. Korbach"]

1. Nf3 Nf6 2. d4 c5 3. c3 e6 4. e3 Nc6 5. Bd3 d5 6. Nbd2 Bd6 7. e4 cxd4 8. cxd4
dxe4 9. Nxe4 Be7 10. O-O O-O 11. Bg5 Nd5 12. Bxe7 Ncxe7 13. Rc1 b6 14. Re1 Bb7
15. Nfg5 h6 16. Nf3 Nc6 17. Nc3 Nf6 18. Bb1 Rc8 19. a3 Re8 20. Qd3 Rc7 21. d5
Rd7 22. Qb5 a6 23. Qb3 Na5 24. Qc2 exd5 25. Rxe8+ Qxe8 26. Re1 Re7 27. Rxe7
Qxe7 28. Na4 Nc4 29. Qc1 b5 30. Nc3 Qd6 31. Ne2 Qe7 32. Ned4 Ne5 33. Nxe5 Qxe5
34. Nf3 Qe8 35. Qe1 Qxe1+ 36. Nxe1 d4 37. f3 Bc8 38. Kf2 Nd5 39. Be4 Nb6 40.
Nc2 g6 41. Ke2 f5 42. Bd3 Na4 43. b4 Nc3+ 44. Kd2 Nb1+ 45. Kc1 Nc3 46. Kd2 Kf7
47. Nxd4 Na4 48. Bc2 Nb6 49. Bb3+ Kf6 50. f4 Bb7 51. g3 Be4 52. Ne2 1/2-1/2

[Event "HEM 2013 B Turnier"]
[Site "Korbach"]
[Date "2013.03.27"]
[Round "1.10"]
[White "Zalewski, Ulrich"]
[Black "Meise, Jan"]
[Result "1-0"]
[WhiteElo "1798"]
[BlackElo "1454"]
[PlyCount "129"]
[EventDate "2013.??.??"]
[WhiteTeam "SK 1858 Gießen"]
[BlackTeam "ESV Rot-Weiß Göttingen"]

1. e4 e5 2. Nf3 Nc6 3. Bb5 a6 4. Ba4 Nf6 5. O-O Be7 6. Re1 b5 7. Bb3 O-O 8. c3
d5 9. exd5 Nxd5 10. Nxe5 Nxe5 11. Rxe5 c6 12. d4 Bd6 13. Re1 Qh4 14. g3 Qh3 15.
Qd3 Bf5 16. Qf1 Qh5 17. Be3 Bh3 18. Bd1 Qf5 19. Qe2 Nf6 20. Bc2 Qd5 21. f3 Rae8
22. Nd2 Bd7 23. Ne4 Bc7 24. Nxf6+ gxf6 25. Qd3 Qh5 26. Bd2 Be6 27. Re3 Qh3 28.
Qf1 Qh5 29. Rae1 Kh8 30. Qg2 c5 31. g4 Qh4 32. d5 Bb6 33. dxe6 c4 34. Kf1 Bxe3
35. Rxe3 fxe6 36. Re2 f5 37. g5 Qh5 38. Qg3 Kg8 39. b3 e5 40. Rxe5 Rxe5 41.
Qxe5 Qxf3+ 42. Kg1 Qg4+ 43. Kf2 Rd8 44. Be3 f4 45. Bd4 Qh4+ 46. Kf1 Qh3+ 47.
Ke1 Qh4+ 48. Kd1 Qg4+ 49. Kc1 Rxd4 50. cxd4 Qg1+ 51. Kb2 f3 52. Qe8+ Kg7 53.
Qe7+ Kg8 54. Qxh7+ Kf8 55. Qf5+ Ke8 56. Qe6+ Kf8 57. Qd6+ Kg8 58. Qd8+ Kg7 59.
Qf6+ Kg8 60. g6 c3+ 61. Ka3 Qc1+ 62. Kb4 a5+ 63. Kxb5 Qf1+ 64. Kxa5 Qc4 65.
bxc4 1-0

[Event "HEM 2013 B Turnier"]
[Site "Korbach"]
[Date "2013.03.27"]
[Round "1.11"]
[White "Becker, Robin"]
[Black "Meul, Willi"]
[Result "1/2-1/2"]
[WhiteElo "1454"]
[BlackElo "1854"]
[PlyCount "84"]
[EventDate "2013.??.??"]
[WhiteTeam "SV Meschede e.V."]
[BlackTeam "SV 1925 Hürth-Berrenra"]

1. e4 c5 2. c3 d5 3. exd5 Qxd5 4. d4 Nf6 5. Nf3 e6 6. Na3 a6 7. Nc4 Nbd7 8. Be3
b5 9. Nce5 cxd4 10. Bxd4 Bb7 11. Be2 Be7 12. Nxd7 Nxd7 13. O-O O-O 14. Qb3 Rac8
15. Qxd5 Bxd5 16. Ne5 Nxe5 17. Bxe5 f6 18. Bd4 e5 19. Be3 Rfd8 20. Rfd1 Kf7 21.
Bf3 Bxf3 22. gxf3 Ke6 23. Kf1 f5 24. Ke2 Rxd1 25. Rxd1 Rd8 26. Rc1 Rc8 27. b3
Rc6 28. c4 bxc4 29. Rxc4 Rxc4 30. bxc4 Bb4 31. Kd3 Kd6 32. Bc1 Bc5 33. Be3 Kc6
34. Ke2 a5 35. Kd2 a4 36. Kd3 Bxe3 37. fxe3 Kc5 38. e4 g6 39. h4 f4 40. Kc3 h6
41. Kd3 Kb4 42. a3+ Kc5 1/2-1/2

[Event "HEM 2013 B Turnier"]
[Site "Korbach"]
[Date "2013.03.27"]
[Round "1.12"]
[White "Tschoepe, Nino"]
[Black "Heidenreich, Gundolf"]
[Result "1-0"]
[WhiteElo "1718"]
[BlackElo "1429"]
[PlyCount "61"]
[EventDate "2013.??.??"]
[WhiteTeam "SC Marsberg e.V."]
[BlackTeam "SK 1950 Vellmar"]

1. d4 e6 2. c4 c5 3. d5 exd5 4. cxd5 d6 5. Nc3 a6 6. a4 g6 7. Bf4 Bg7 8. Nf3
Nf6 9. h3 Bf5 10. Nd2 Qe7 11. Nc4 Ne4 12. Nxe4 Bxe4 13. Bxd6 Qg5 14. Bxb8 Rxb8
15. Nd6+ Kd7 16. Nxe4 Qh4 17. Nxc5+ Kd6 18. Nd3 Rbc8 19. e3 Rhe8 20. Be2 Rxe3
21. g3 Qe4 22. Rg1 Rf3 23. Kf1 Rxd3 24. Qxd3 Qb4 25. Qa3 Qxa3 26. Rxa3 Rc1+ 27.
Kg2 Rc2 28. Bd1 Rxb2 29. Rb3 Rd2 30. Rxb7 Bd4 31. Rxf7 1-0

[Event "HEM 2013 B Turnier"]
[Site "Korbach"]
[Date "2013.03.27"]
[Round "1.13"]
[White "Krug, Franz-Dieter"]
[Black "Kuehn, Thomas"]
[Result "0-1"]
[WhiteElo "1571"]
[BlackElo "1913"]
[PlyCount "96"]
[EventDate "2013.??.??"]
[WhiteTeam "SVigung 1928 Alsdorf e"]
[BlackTeam "Sfr. Braunfels e. V."]

1. d4 f5 2. c4 Nf6 3. Nc3 g6 4. e3 Bg7 5. Nf3 d6 6. Bd3 O-O 7. O-O Qe8 8. e4 e5
9. dxe5 dxe5 10. Nd5 Na6 11. Re1 c6 12. Nxf6+ Bxf6 13. Bh6 Rf7 14. Rc1 f4 15.
Ng5 Bxg5 16. Bxg5 Qf8 17. f3 Qc5+ 18. Kf1 Be6 19. a3 Rd7 20. Qe2 h6 21. Bh4 g5
22. Bf2 Qe7 23. c5 Nc7 24. Bc4 Rad8 25. Bxe6+ Qxe6 26. Red1 Qb3 27. Rxd7 Rxd7
28. Ke1 Ne6 29. Qc2 Qxc2 30. Rxc2 Nd4 31. Rd2 Kf7 32. Bxd4 exd4 33. Rd3 Ke6 34.
g4 Ke5 35. a4 b6 36. cxb6 axb6 37. Rb3 Rb7 38. Kd2 c5 39. Kd3 Kd6 40. Kc4 Kc6
41. Kd3 Rh7 42. e5 Ra7 43. Ke4 Rxa4 44. Kf5 c4 45. Ra3 Rxa3 46. bxa3 d3 47. e6
d2 48. e7 Kd7 0-1

[Event "HEM 2013 B Turnier"]
[Site "Korbach"]
[Date "2013.03.27"]
[Round "1.14"]
[White "Ackermann, Emil"]
[Black "Engel, Markus"]
[Result "1-0"]
[WhiteElo "1703"]
[BlackElo "1415"]
[PlyCount "49"]
[EventDate "2013.??.??"]
[WhiteTeam "SV Anderssen Arolsen"]
[BlackTeam "Kasseler SK 1876"]

1. c4 Nf6 2. Nc3 g6 3. e3 Bg7 4. g3 d6 5. Bg2 e5 6. Nge2 O-O 7. O-O c6 8. b3
Nbd7 9. Bb2 Re8 10. d3 Qc7 11. Qd2 b6 12. d4 exd4 13. exd4 Bb7 14. Rae1 d5 15.
cxd5 Nxd5 16. Rc1 Nxc3 17. Nxc3 Qd8 18. Nb5 Nb8 19. Rfe1 a6 20. Rxe8+ Qxe8 21.
Nc7 Qd7 22. Nxa8 Bxa8 23. Re1 Bb7 24. Qe3 a5 25. Qe8+ 1-0

[Event "HEM 2013 B Turnier"]
[Site "Korbach"]
[Date "2013.03.27"]
[Round "1.15"]
[White "Grasmik, Waldemar"]
[Black "Friedrich, Helmut"]
[Result "0-1"]
[WhiteElo "1599"]
[BlackElo "1696"]
[PlyCount "106"]
[EventDate "2013.??.??"]
[WhiteTeam "TSV 1876 Bad Kissingen"]
[BlackTeam "SC Schachmatt Weiterstadt"]

1. d4 Nf6 2. Nc3 d5 3. h4 Nc6 4. a3 e5 5. dxe5 Nxe5 6. Bg5 c6 7. f4 Neg4 8. Qd3
Bc5 9. Nh3 Qb6 10. O-O-O Be6 11. Na4 Be3+ 12. Kb1 Qa5 13. Nc3 Nd7 14. b4 Qxa3
15. f5 Qxb4+ 16. Ka1 Nc5 17. Na2 Nxd3 18. Nxb4 Nxb4 19. fxe6 fxe6 20. c3 Na6
21. Bxe3 Nxe3 22. Rd3 Nxf1 23. Rxf1 Ke7 24. Rdf3 Raf8 25. Rxf8 Rxf8 26. Rxf8
Kxf8 27. Ng5 Ke7 28. Nxh7 Nc5 29. Kb2 Ne4 30. Kc2 Kf7 31. Kd3 a5 32. c4 b5 33.
cxd5 exd5 34. Kd4 a4 35. Ng5+ Nxg5 36. hxg5 a3 37. Kc3 b4+ 38. Kb3 c5 39. e3
Kg6 40. Ka2 Kxg5 41. Kb3 Kg4 42. Ka2 Kg3 43. Kb3 Kxg2 44. Ka2 Kf3 45. Kb3 Kxe3
46. Ka2 c4 47. Ka1 b3 48. Kb1 Ke2 49. Ka1 g5 50. Kb1 g4 51. Ka1 g3 52. Kb1 g2
53. Ka1 g1=R# 0-1

[Event "HEM 2013 B Turnier"]
[Site "Korbach"]
[Date "2013.03.27"]
[Round "1.16"]
[White "Popov, Vadim"]
[Black "Lorch, Alexander"]
[Result "1/2-1/2"]
[WhiteElo "1688"]
[BlackElo "1365"]
[PlyCount "44"]
[EventDate "2013.??.??"]
[WhiteTeam "SK 1858 Gießen"]
[BlackTeam "SC Eschwege"]

1. d4 Nf6 2. Nf3 g6 3. c4 Bg7 4. Nc3 O-O 5. e4 d6 6. h3 e5 7. d5 a5 8. Bg5 Na6
9. g4 Nc5 10. Bd3 Bd7 11. Qd2 Re8 12. Nh2 c6 13. f3 h6 14. Be3 Nh7 15. O-O-O
Qh4 16. Nf1 Ng5 17. Bf2 Nxd3+ 18. Qxd3 Qxf2 19. Ne3 Nh7 20. h4 cxd5 21. Ncxd5
Qxf3 22. Rdf1 Qg3 1/2-1/2

[Event "HEM 2013 B Turnier"]
[Site "Korbach"]
[Date "2013.03.27"]
[Round "1.17"]
[White "Risius, Joerg"]
[Black "Hesse, Klaus Dieter"]
[Result "0-1"]
[WhiteElo "1309"]
[BlackElo "1927"]
[PlyCount "86"]
[EventDate "2013.??.??"]
[WhiteTeam "SK 1858 Gießen"]
[BlackTeam "SK Stadtallendorf"]

1. d4 Nf6 2. c4 g6 3. Nf3 Bg7 4. Bf4 O-O 5. e3 d5 6. Nc3 c6 7. Be2 Bg4 8. cxd5
Nxd5 9. Nxd5 Qxd5 10. O-O Nd7 11. h3 Bxf3 12. Bxf3 Qf5 13. Rc1 e6 14. Qb3 Nb6
15. Rfd1 Qa5 16. Bd6 Rfe8 17. Qa3 Qxa3 18. Bxa3 Rad8 19. b3 e5 20. dxe5 Bxe5
21. Rxd8 Rxd8 22. Rd1 Rxd1+ 23. Bxd1 Nd5 24. Bc5 b6 25. Bd4 Bxd4 26. exd4 Nc3
27. Bf3 Nxa2 28. Bxc6 Kf8 29. f3 Ke7 30. d5 Nb4 31. Kf2 Kd6 32. Ke3 Nxd5+ 33.
Bxd5 Kxd5 34. Kd3 a5 35. g3 b5 36. h4 h5 37. Kc3 f6 38. Kd3 g5 39. hxg5 fxg5
40. Ke3 a4 41. bxa4 bxa4 42. Kd3 h4 43. gxh4 gxh4 0-1

[Event "HEM 2013 B Turnier"]
[Site "Korbach"]
[Date "2013.03.27"]
[Round "1.18"]
[White "Bickmann, Uwe"]
[Black "Hoepfner, Michael"]
[Result "1-0"]
[WhiteElo "1782"]
[BlackElo "1300"]
[PlyCount "137"]
[EventDate "2013.??.??"]
[WhiteTeam "SC Marsberg e.V."]
[BlackTeam "Kasseler SK 1876"]

1. c4 e6 2. g3 Nf6 3. Bg2 Nc6 4. Nf3 b6 5. O-O Bb7 6. d3 Rb8 7. b3 Bc5 8. Bb2
O-O 9. Nbd2 a5 10. a3 d5 11. d4 Be7 12. e3 Bd6 13. Re1 Ne7 14. Ne5 c5 15. Ndf3
cxd4 16. exd4 h6 17. Rc1 Re8 18. Qe2 Ba6 19. Qe3 Nf5 20. Qe2 Rc8 21. Qd1 Bb7
22. Nd2 Rc7 23. cxd5 Bxd5 24. Bxd5 exd5 25. Qf3 Ne7 26. Rxc7 Qxc7 27. Rc1 Qb8
28. Qd3 Rc8 29. Re1 Qc7 30. Rc1 Qd8 31. Nb1 Rxc1+ 32. Bxc1 Qc8 33. Nc3 Ne4 34.
Bb2 Nxc3 35. Bxc3 Bxa3 36. Bd2 Qf5 37. Qb5 Qb1+ 38. Kg2 Qe4+ 39. Nf3 Qe6 40.
Qe8+ Kh7 41. Ne5 Nf5 42. Qxe6 fxe6 43. Bc3 h5 44. h3 g5 45. g4 hxg4 46. hxg4
Nh4+ 47. Kg3 Bc1 48. Nd7 Bf4+ 49. Kh3 Bc7 50. Nf8+ Kh6 51. Nxe6 Bd6 52. Nxg5
Kxg5 53. Bd2+ Kg6 54. Kxh4 Be7+ 55. Kg3 Bd6+ 56. f4 b5 57. Bxa5 Ba3 58. f5+ Kf7
59. g5 Bc1 60. Kg4 Be3 61. Bb6 Kg7 62. Bc5 Kf7 63. Kh5 Bf4 64. g6+ Kf6 65. Kg4
Bh6 66. Bd6 Bd2 67. Be5+ Ke7 68. f6+ Kf8 69. Bd6+ 1-0

[Event "HEM 2013 B Turnier"]
[Site "Korbach"]
[Date "2013.03.27"]
[Round "1.19"]
[White "Unruh, Hartmut"]
[Black "Goebel, Knut"]
[Result "0-1"]
[WhiteElo "1670"]
[BlackElo "1644"]
[PlyCount "46"]
[EventDate "2013.??.??"]
[WhiteTeam "Sfr. Korbach"]
[BlackTeam "SC Ober-Ramstadt"]

1. d4 d5 2. Bf4 Nf6 3. Nf3 Bf5 4. Nh4 Bg6 5. Nxg6 hxg6 6. h3 e6 7. Nd2 Bd6 8.
Bg5 c5 9. e3 Qb6 10. Bxf6 gxf6 11. Qb1 cxd4 12. exd4 Qxd4 13. c3 Qb6 14. Qc2
Nd7 15. Qb3 Bc5 16. Qxb6 Bxb6 17. Bb5 Ke7 18. Bxd7 Kxd7 19. Nf3 Rac8 20. Rd1
Rc4 21. Nd4 Bxd4 22. Rxd4 Rxd4 23. cxd4 Rc8 0-1

[Event "HEM 2013 B Turnier"]
[Site "Korbach"]
[Date "2013.03.27"]
[Round "1.20"]
[White "Kalkuhl, Thorsten"]
[Black "Kronenburg, Bernd"]
[Result "0-1"]
[WhiteElo "1209"]
[BlackElo "1786"]
[PlyCount "64"]
[EventDate "2013.??.??"]
[WhiteTeam "SC Marsberg e.V."]
[BlackTeam "SV 1929 Raunheim"]

1. d4 c5 2. c3 cxd4 3. cxd4 Nf6 4. Nc3 e6 5. a3 Be7 6. e4 O-O 7. Nf3 b6 8. e5
Ne8 9. Bd3 Bb7 10. Be4 Nc6 11. O-O f5 12. Bd3 h6 13. d5 Nb8 14. d6 Bg5 15. Nxg5
hxg5 16. Qh5 g4 17. Bg5 Qc8 18. Rac1 Qc6 19. f3 Qc5+ 20. Kh1 Qxe5 21. Be7 Nf6
22. f4 Qd4 23. Qg6 Qxd3 24. Bxf8 Kxf8 25. Rfd1 Qe3 26. Qg5 Qf2 27. Rg1 Qxb2 28.
Qh4 Bxg2+ 29. Rxg2 Qxc1+ 30. Rg1 Qxc3 31. h3 Qf3+ 32. Rg2 Qxh3+ 0-1

[Event "HEM 2013 B Turnier"]
[Site "Korbach"]
[Date "2013.03.27"]
[Round "1.21"]
[White "Ullmann, Ralf"]
[Black "Barchfeld, Peter"]
[Result "1-0"]
[WhiteElo "1606"]
[BlackElo "1175"]
[PlyCount "69"]
[EventDate "2013.??.??"]
[WhiteTeam "SC Eschwege"]
[BlackTeam "SAbt TG Wehlheiden"]

1. e4 c5 2. Nf3 d6 3. d4 cxd4 4. Nxd4 Nf6 5. f3 a6 6. c4 e5 7. Nb3 Be7 8. Be3
Be6 9. Nc3 Nbd7 10. Be2 Nc5 11. Nd2 Bd7 12. O-O O-O 13. b4 Ne6 14. Nb3 Nf4 15.
Qd2 Nxe2+ 16. Nxe2 b5 17. c5 dxc5 18. Bxc5 Bxc5+ 19. Nxc5 Qb6 20. Kh1 Rfd8 21.
Qb2 Qb8 22. Rfd1 Bc6 23. Rac1 Rxd1+ 24. Rxd1 Qc7 25. Qd2 Qe7 26. Qd6 Qe8 27.
Ng3 Nh5 28. Nxh5 f5 29. Ng3 fxe4 30. Ngxe4 h6 31. Qe6+ Qxe6 32. Nxe6 Kf7 33.
Nd8+ Ke7 34. Nxc6+ Ke6 35. Rd8 1-0

[Event "HEM 2013 B Turnier"]
[Site "Korbach"]
[Date "2013.03.27"]
[Round "1.22"]
[White "Seemke, Erwin"]
[Black "Mierendorf, Werner"]
[Result "1/2-1/2"]
[WhiteElo "1162"]
[BlackElo "1603"]
[PlyCount "79"]
[EventDate "2013.??.??"]
[WhiteTeam "Sfr. Korbach"]
[BlackTeam "SK Upland-Willingen"]

1. d4 d5 2. c4 e6 3. Nf3 Nf6 4. e3 Be7 5. Nc3 O-O 6. a3 b6 7. b4 Bb7 8. c5 Nbd7
9. Bd3 a5 10. Bb2 axb4 11. axb4 c6 12. Qc2 b5 13. O-O Qc7 14. Ne2 h6 15. Ng3
Rfe8 16. e4 dxe4 17. Nxe4 Nd5 18. Bc3 Nf4 19. Rfe1 Nxd3 20. Qxd3 Nf6 21. Nxf6+
Bxf6 22. Qe2 Qf4 23. Rxa8 Rxa8 24. Ra1 Rxa1+ 25. Bxa1 g5 26. g3 Qc1+ 27. Qe1
Qc4 28. Ne5 Qd5 29. Qe2 Kg7 30. Qf3 Bxe5 31. Qxd5 exd5 32. dxe5 Kg6 33. f3 Bc8
34. Kf2 h5 35. Bc3 Bh3 36. Ke3 Kf5 37. Bd4 Bg2 38. Kf2 Bh3 39. Ke3 g4 40. f4
1/2-1/2

[Event "HEM 2013 B Turnier"]
[Site "Korbach"]
[Date "2013.03.27"]
[Round "1.23"]
[White "Herbst, Alexander"]
[Black "Weber, Stefan"]
[Result "1-0"]
[WhiteElo "1597"]
[BlackElo "1512"]
[PlyCount "45"]
[EventDate "2013.??.??"]
[WhiteTeam "SC Langenbieber"]
[BlackTeam "Sfr. Korbach"]

1. e4 e5 2. Nf3 Nc6 3. Bc4 Bc5 4. b4 Bxb4 5. c3 Be7 6. d4 Na5 7. Be2 exd4 8.
Qxd4 Nf6 9. e5 c5 10. Qa4 Nd5 11. O-O Nc6 12. Qg4 g6 13. Qe4 Nb6 14. Bh6 d6 15.
exd6 Bf5 16. dxe7 Qxe7 17. Qxe7+ Nxe7 18. Bb5+ Bd7 19. Bxd7+ Nxd7 20. Re1 Rd8
21. Nbd2 f6 22. Ne4 g5 23. Nd6# 1-0

[Event "HEM 2013 B Turnier"]
[Site "Korbach"]
[Date "2013.03.27"]
[Round "1.24"]
[White "Langhammer, Joerg"]
[Black "Mohammadi, Sholeh"]
[Result "1-0"]
[WhiteElo "1721"]
[BlackElo "1055"]
[PlyCount "51"]
[EventDate "2013.??.??"]
[WhiteTeam "SF Kirchhellen 50/72e"]
[BlackTeam "SK Marburg 1931/72"]

1. e4 d5 2. exd5 Qxd5 3. Nf3 Nc6 4. d4 e5 5. Nc3 Bb4 6. dxe5 Qe4+ 7. Be2 Nxe5
8. O-O Nxf3+ 9. Bxf3 Qg6 10. Re1+ Ne7 11. Qe2 c6 12. Bf4 O-O 13. Rad1 Be6 14.
a3 Bxc3 15. bxc3 Qf6 16. Be5 Qh4 17. Rd4 Qg5 18. Bg4 Nf5 19. Bxf5 Bxf5 20. Bg3
Bg4 21. Rxg4 Qh5 22. Rxg7+ Kxg7 23. Qxh5 f6 24. Re7+ Rf7 25. Qxf7+ Kh6 26. Bf4#
1-0

[Event "HEM 2013 B Turnier"]
[Site "Korbach"]
[Date "2013.03.27"]
[Round "1.25"]
[White "Reichel, Rolf"]
[Black "Hildebrand, Georg"]
[Result "0-1"]
[WhiteElo "1776"]
[BlackElo "1225"]
[PlyCount "74"]
[EventDate "2013.??.??"]
[WhiteTeam "Sfr. Frankfurt 1921"]
[BlackTeam "SK Marburg 1931/72"]

1. e4 c5 2. Nc3 a6 3. Nf3 Nc6 4. Be2 e6 5. O-O b5 6. a3 Be7 7. d3 h6 8. h3 Bb7
9. Be3 Qc7 10. d4 cxd4 11. Nxd4 Rd8 12. f4 Bc5 13. Qd2 Nxd4 14. Bxd4 Bxd4+ 15.
Qxd4 Nf6 16. a4 O-O 17. axb5 axb5 18. Nxb5 Qxc2 19. Bd3 Qc8 20. Nd6 Qb8 21. Ra3
Ne8 22. Nxb7 Qxb7 23. Bb1 Rb8 24. Rf2 Nf6 25. Qd3 Qb5 26. Qe3 Qb6 27. Qf3 Rfc8
28. Bd3 Qd4 29. Qe2 Rc7 30. g4 Rcb7 31. Kg2 Rxb2 32. Qe3 Rxf2+ 33. Qxf2 Rb2 34.
Ra8+ Kh7 35. e5+ g6 36. Be2 Qd5+ 37. Kh2 Ne4 0-1